Rozpoznaj miasto po zdjęciu - Statystyki

Ogólne statystyki
  • Ten quiz został rozwiązany 146 razy
  • Średni wynik to 15 z 23
Statystyki odpowiedzi
Obrazkowy Odpowiedź % Poprawnych
Londyn
98%
Paryż
96%
Ateny
93%
Berlin
93%
Nowy Jork
91%
Wenecja
88%
Waszyngton
85%
Dubaj
83%
Sydney
83%
Moskwa
81%
Rzym
81%
Amsterdam
77%
Barcelona
75%
Stambuł
67%
Rio de Janeiro
57%
Jerozolima
53%
Singapur
53%
Szanghaj
48%
Toronto
43%
Florencja
39%
Hong Kong
32%
Santiago
9%
Panama
5%
Nie znaleziono quizów pasujących do podanych kryteriów
Rozkład punktacji
Procent ludzi z każdym wynikiem
Percentyl według liczby udzielonych odpowiedzi
Twoja historia wyników
Nie rozwiązałeś tego quizu